Southville International School and Colleges
Your cart is empty.
  • Cart
  • Lists
    Public lists Eva Luna New books Lux_list list_1
    Your lists Log in to create your own lists
  • Log in to your account
  • Your cookies
  • Search history
Southville International School and Colleges
  • Advanced search
  • Recent comments
  • Most popular
  • Libraries

Log in to your account

Log in with GOOGLE


If you do not have an external account, but do have a local account, you can still log in:

  1. Home
  2. MARC view: Endangered animals dictionary :
Normal view MARC view ISBD view

Endangered animals dictionary : (Record no. 112199)

[ view plain ]
MARC details
000 -LEADER
fixed length control field 00495nam a2200169 a 4500
001 - CONTROL NUMBER
control field 3023
005 - DATE AND TIME OF LATEST TRANSACTION
control field 20140414131931.0
008 - FIXED-LENGTH DATA ELEMENTS--GENERAL INFORMATION
fixed length control field 060119s19uu xx 00 eng d
020 ## - INTERNATIONAL STANDARD BOOK NUMBER
International Standard Book Number 0-439-55094-7
050 ## - LIBRARY OF CONGRESS CALL NUMBER
Classification number REF 591.6803
Item number T92 2004
100 ## - MAIN ENTRY--PERSONAL NAME
Personal name Twist, Clint.
245 ## - TITLE STATEMENT
Title Endangered animals dictionary :
Remainder of title an A to Z of threatened species.
260 ## - PUBLICATION, DISTRIBUTION, ETC. (IMPRINT)
Place of publication, distribution, etc New York :
Name of publisher, distributor, etc Scholastic,
Date of publication, distribution, etc 2004.
300 ## - PHYSICAL DESCRIPTION
Extent 64 p. ; cm.
650 ## - SUBJECT ADDED ENTRY--TOPICAL TERM
Topical term or geographic name as entry element Endangered species
General subdivision Dictionaries, Juvenile.
Holdings
Withdrawn status Lost status Damaged status Use restrictions Home library Current library Shelving location Date acquired Source of acquisition Cost, normal purchase price Total Checkouts Full call number Barcode Date last seen Price effective from Koha item type
        Munich Library Munich Library Reference Section 01/19/2006   375.00   REF 591.6803 T92 2004 M3412 04/14/2014 04/14/2014 Books

Endangered animals dictionary :

APA

Twist C., . (2004). Endangered animals dictionary. New York: Scholastic.

Chicago

Twist Clint, . 2004. Endangered animals dictionary. New York: Scholastic.

Harvard

Twist C., . (2004). Endangered animals dictionary. New York: Scholastic.

MLA

Twist Clint, . Endangered animals dictionary. New York: Scholastic. 2004.

  • Place hold
  • Print
  • Cite
  • Add to your cart (remove)
  • Save record
    BIBTEX Dublin Core MARCXML MARC (non-Unicode/MARC-8) MARC (Unicode/UTF-8) MARC (Unicode/UTF-8, Standard) MODS (XML) RIS
  • More searches
    Search for this title in:
    Other Libraries (WorldCat) Other Databases (Google Scholar) Online Stores (Bookfinder.com) Open Library (openlibrary.org)

Exporting to Dublin Core...

SOUTHVILLE LIBRARY

Southville International School and Colleges Library

1281 Tropical Ave. Cor. Luxembourg St., BF Homes International, Las Pinas City

Tel. No. 8256374 / 252358 Loc. 117/146

Powered by Koha